00974nam a22002777a 450000500170000001000130001702000230003003500130005303700160006604000120008208200150009410000290010924501260013825000110026426000440027527000470031930000320036650000190039865000200041765000320043770000270046970000290049694200240052599900190054995201280056820170124110157.0 aA-933872 c225.00a8120312457 aA-933872 bCen Lib/Ret aDPLbEN a658.8bREE aReeder, Robert R.935219 aIndustrial marketing : cby Robert R. Reeder, Edward G. Brierty [and] Betty H. Reederbanalysis, planning, and control / a2nd ed aNew DelhibPrentice-Hall of Indiac1997 aM-97, Connaught Circus bNew Delhie110001 axvi,670p. :c23cm(Hb)bill. aIncludes index aMarketing96818 aIndustrial marketing926133 aReeder, Betty H935220 aBrierty, Edward G935221 2ddccENh658.8mREE c132600d132600 00104070aLbLd2015-07-23eCen Lib/Ret g225.00l0o658.8 REEpA-933872r2015-07-23 00:00:00t1v225.00w2015-07-23yEN